000 01706nam a2200373 i 4500
001 768714001
003 CO-MdFUSB
005 20260318091206.0
007 ta
008 241009t2004 -uso|||| |||| 001 0 spa d
020 _a0-88113-783-9
040 _bspa.
_aCO-MdFUSB
_cCO-MdFUSB
_dCO-MdFUSBC
_erda
041 _aspa
082 _223
_a266
_bY89
100 _aYrion, Josué
_eautor
245 0 _aHeme aquí, Señor, envíame a mí
_c/ Josué Yrión ; traducido por Elida Clara Sarraf
264 1 _aNashville, TN, E.U.A. :
_bCaribe,
_c[2004]
264 4 _c©2004
300 _a288 páginas
_b: fotografías a blanco y negro
_c; 22 cm
336 _2rdacontent
_atexto
_btxt
337 _2rdamedia
_asin mediación
_bn
338 _2rdacarrier
_avolumen
_bnc
500 _aIncluye índice
505 _tLa parte de Dios:
_aDios llama. -- Dios capacita.-- Dios envía. -- Dios suple. -- Dios respalda.
_tNuestra parte:
_aAtender el llamado por fe. -- Obedecer el llamado por fe. -- Por la fe, crucifica tu «yo» por el llamado. -- Paga por fe el precio del llamado. -- Por la fe estar dispuestos a morir por el llamado.
_tLa parte de la Iglesia:
_aLa iglesia debe apoyar a los llamados. -- La iglesia debe apartar y enviar a los llamados. -- La iglesia debe dar sustento financiero a los llamados. -- La iglesia debe orar a diario por los llamados. -- La iglesia debe conocer su propia historia.
563 _aRústica
650 0 _aVida cristiana
_919
653 _aMisiones cristianas.
653 _aVocación misionera.
653 _aEvangelización.
653 _aIglesia — Misiones
700 _aSarraf, Elida Clara
_910920
_etraductor
942 _cBK
945 _aCatherine Arias Alvarez
999 _c71069
_d71069